| 000 -LEADER |
| fixed length control field |
00600cam a22001577a 4500 |
| 008 - FIXED-LENGTH DATA ELEMENTS--GENERAL INFORMATION |
| fixed length control field |
180718b2009 xxu||||| |||| 00| 0 eng d |
| 020 ## - INTERNATIONAL STANDARD BOOK NUMBER |
| International Standard Book Number |
9780198063506 |
| 082 ## - DEWEY DECIMAL CLASSIFICATION NUMBER |
| Classification number |
BA27x54 Am16/T39b |
| 100 ## - MAIN ENTRY--PERSONAL NAME |
| Personal name |
Thorat, Sukhadeo, Kumar, Narender |
| 245 ## - TITLE STATEMENT |
| Title |
B.R. Ambedkar perspectives on social exclusion and inclusive policies |
| Statement of responsibility, etc. |
by Sukhadeo Thorat and Narender Kumar |
| 260 ## - PUBLICATION, DISTRIBUTION, ETC. |
| Place of publication, distribution, etc. |
New Delhi |
| Name of publisher, distributor, etc. |
Oxford |
| Date of publication, distribution, etc. |
2009 |
| 300 ## - PHYSICAL DESCRIPTION |
| Extent |
386p. |
| 650 ## - SUBJECT ADDED ENTRY--TOPICAL TERM |
| Topical term or geographic name entry element |
Affirmative action programs -- India |
| 650 ## - SUBJECT ADDED ENTRY--TOPICAL TERM |
| Topical term or geographic name entry element |
People with social disabilities -- Government policy -- India |
| 650 ## - SUBJECT ADDED ENTRY--TOPICAL TERM |
| Topical term or geographic name entry element |
Ambedkar, B. R. (Bhimrao Ramji), 1891-1956 |